|
|
|
|
| LEADER |
00000naa a2200000uu 4500 |
| 001 |
vtls011042212 |
| 003 |
SK-MaSNL |
| 005 |
20260302120350.0 |
| 008 |
210904|2001 xo |||||||||||||||||slo| |
| 015 |
|
|
|a SNBRA
|
| 035 |
|
|
|a (urnnbn)urn:nbn:sk:snk:ar-008z9k
|
| 035 |
|
|
|a (uuid)0e650a02-60c0-4bb7-8623-b1991f2be665
|
| 035 |
|
|
|a urn:nbn:sk:snk-aauuoa
|
| 040 |
|
|
|a SNKBUCL
|b slo
|c SNKBUCL
|e AACR2
|
| 041 |
0 |
|
|a slo
|
| 044 |
|
|
|a xo
|c SK
|
| 100 |
1 |
|
|a Smiková, Eva
|4 aut
|9 12468
|
| 245 |
1 |
0 |
|a Sociálno-psychologické dôsledky používania telesných trestov
|c Eva Smiková
|
| 773 |
0 |
|
|t "Biť ľudí je zlé - deti sú tiež ľudia!"
|d Bratislava : Detský fond Slovenskej republiky, 2001
|g S. 110-113
|z 8096833332
|
| 958 |
|
|
|a OND
|
| 958 |
|
|
|a article12
|
| 958 |
|
|
|a chapter
|
| 999 |
|
|
|c 1269331
|d 1271261
|